000 00539nam a2200181 a 4500
001 12584
003 CO-ViMGA
008 141112s2004 ck r 000 u spa d
020 _a9589043089
040 _aCO-ViMGA
_bspa
_cCO-ViMGA
082 0 4 _aCo860.4 Z855
100 1 _aZuleta, Estanislao
_97974
245 1 0 _aSobre la idealización en la vida personal y colectiva y otros ensayos
260 _aBogotá :
_bProcultura,
_c1985
490 _aNueva Biblioteca Colombiana de Cultura
650 1 4 _aENSAYOS COLOMBIANOS
_91215
942 _2ddc
_cBK
999 _c23578
_d23578